Name as Many Dragon Ball Characters as you Can! - Statistics

General Stats
  • This quiz has been taken 777 times
    775 since last reset
  • The average score is 69 of 127
Answer Stats
Character % Correct
Goku
99%
Goku Jr
99%
King Vegeta
96%
Vegeta
96%
Vegeta Jr
96%
Future Gohan
93%
Grandpa Gohan
93%
Bulma
91%
Future Trunks
91%
Goten
90%
Trunks
90%
Chi-Chi
89%
Piccolo
87%
Android 13
86%
Android 16
86%
Android 17
86%
Android 18
86%
Android 19
86%
Android 20
86%
Android 21
86%
Android 8
86%
Cell
84%
Cell Jr
84%
Frieza
84%
Yamcha
83%
Buu
81%
Evil Buu
81%
Krillin
81%
Tien
80%
Beerus
79%
Master Roshi
78%
Broly
77%
Whis
77%
Ox-King
74%
Nappa
72%
Videl
71%
Gogeta
70%
King Kai
70%
Master Shen
70%
Raditz
70%
Bardock
69%
Ginyu
69%
Pan
69%
Jiren
68%
Vegito
67%
Cooler
66%
Supreme Kai
66%
Champa
62%
Kami
62%
Dende
61%
Jeice
61%
Burter
59%
Babidi
58%
Gotenks
58%
Guldo
58%
Kibito Kai
58%
Mr Popo
58%
Recoome
58%
Zarbon
58%
Hit
57%
Grand Kai
56%
Kale
56%
Oolong
56%
Shenron
56%
Zeno
56%
Dodoria
55%
Hercule
54%
King Cold
54%
Toppo
54%
Nail
52%
Puar
52%
Caulifla
51%
Vados
51%
Cabba
50%
Chiaotzu
50%
Dabura
48%
Kefla
48%
Super 17
47%
Baby
45%
Future Mai
45%
Mai
45%
Pilaf
43%
Yajirobe
43%
Kibito
41%
Mercenary Tao
41%
Bra
39%
Garlic Jr
39%
Janemba
39%
Launch
39%
Cui
38%
Dyspo
38%
Paragus
38%
Frost
37%
Grand Elder Guru
37%
Korin
37%
Pui Pui
36%
marron
35%
Grand Priest
33%
Porunga
33%
Fortuneteller Baba
32%
Gine
32%
Spopovich
30%
Turtle
30%
General Blue
28%
Appule
27%
Yakon
27%
Bubbles
25%
Shu
25%
Maron
23%
Botamo
22%
King Yemma
22%
Yamu
22%
Magetta
21%
Ribrianne
21%
Gregory
20%
Arale
19%
Tambourine
14%
World Tournament Announcer
12%
Basil
11%
Lavender
10%
Giru
9%
Cymbal
6%
Saibaiman
5%
Suno
5%
Helles
4%
Mutaito
4%
Bergamot
2%
No matching quizzes found
Score Distribution
Percent of People with Each Score
Percentile by Number Answered
Your Score History
You have not taken this quiz since the last reset